00589nam a22002177a 450000500170000001000130001702000220003003500130005203700160006504000120008108200150009310000190010824500940012726000480022127000190026930000200028850000190030865000220032765000190034970000030036820170124110008.0 aA-583121 c00.00a0195630661 aA-583121 bCen Lib/Ret aDPLbEN a306.2bBET aBeteille,Andre aSociety and politics in India :cby Andre Beteillebessays in a comparative perspective / aBombaybDelhi oxford university pressc1992 aBombaybBombay a317p.c21cm(Hb) aIncludes index aPolitical science aSocial history